| 000 | 02431nam0a2200361 4500 | ||
|---|---|---|---|
| 001 | RU\NLR\BIBL_A\022336918 | ||
| 005 | 20250121135621.0 | ||
| 010 |
_a978-5-907622-63-0 _9300 |
||
| 021 |
_aRU _bКН-П-24-047702 _9КН-П-24-4745 |
||
| 035 | _a(NLR Aleph) 022336918 | ||
| 090 |
_a13325611 _c13325611 |
||
| 100 | _a20240930d2023 u y0rusy50 ca | ||
| 101 | 0 | _arus | |
| 102 | _aRU | ||
| 105 | _aa j 000yy | ||
| 181 | 0 |
_ai3 _baxxe |
|
| 182 | 0 | _an | |
| 200 | 1 |
_aУправление цифровыми проектами _eучебное пособие _eдля обучающихся по УГНП 02.00.00 "Компьютерные и информационные науки", 09.00.00 "Информатика и вычислительная техника", 27.00.00 "Управление в технических системах", 38.00.00 "Экономика и управление", 44.00.00 "Образование и педагогические науки" _fВ. И. Токтарова, Д. А. Семенова, Д. А. Михеева _gМинистерство науки и высшего образования Российской Федерации, ФГБОУ ВО "Марийский государственный униврситет", Физико-математический факультет |
|
| 203 |
_aТекст _bвизуальный _cнепосредственный |
||
| 210 |
_aЙошкар-Ола _cМарийский государственный униврситет _d2023 |
||
| 215 |
_a335 с. _cил., табл. _d21 |
||
| 300 | _aДоп. информ. в ссылках QR-кодов кн. | ||
| 320 | _aБиблиогр.: с. 317-320 (67 назв.) | ||
| 606 | 1 |
_aПроекты _jУчебные издания для высших учебных заведений _xУправление _xИнформационные системы _92501814 _3RU\NLR\AUTH\6601699215 |
|
| 686 | 1 | _aУ21(0)030.2я73 | |
| 700 | 1 |
_aТоктарова _bВ. И. _cканд. пед. наук _gВера Ивановна _9167929 _3RU\NLR\AUTH\770167977 |
|
| 701 | 1 |
_7ca _8rus _aСеменова _bД. А. _cпреподаватель, информатика _gДина Алексеевна _9212980 _3RU\NLR\AUTH\770213036 |
|
| 701 | 1 |
_aМихеева _bД. А. _gДиана Андреевна |
|
| 942 | _cBOOK | ||
| 980 | _aNBR | ||
| 980 | _aNB | ||